00673nai a2200169Ia 4500003000900000008004100009022002300050040001600073245004000089260008600129310001400215362002500229521006900254650003000323650005700353856009300410IN-BaIIA211028c9999 xx s 000 0 eng d a2576-3156 (Online) cIIA Library 0aIEEE Networking Lettersh[eJournal] aNew York, USAbThe Institute of Electrical and Electronics Engineers, Inc. (IEEE) aQuarterly a1(1); 2019 - Present bSubscribed through National Knowledge Resource Consortium (NKRC) a Computing and Processing aCommunication, Networking and Broadcast Technologies uhttps://ieeexplore.ieee.org/servlet/opac?punumber=8253410yClick Here to Access eJournal